Word Scramble- Months of the Year - Statistics

General Stats
  • This quiz has been taken 110 times
  • The average score is 11 of 12
Answer Stats
Scramble Month % Correct
Ylju July
100%
Neju June
100%
Amy May
99%
Berecedm December
96%
Nujarya January
96%
Lipra April
95%
Gutsau August
95%
Chmar March
95%
Vemebrno November
95%
Breotoc October
95%
Ryafebru February
93%
Pteseberm September
89%
No matching quizzes found
Score Distribution
Percent of People with Each Score
Percentile by Number Answered
Your Score History
You have not taken this quiz